| 000 | 00000nas 2200000za 4500 |
| 001 | 9.826223 |
| 003 | CaOODSP |
| 005 | 20221107144533 |
| 007 | cr ||||||||||| |
| 008 | 161021d19781978oncqr p oss f0###a0eng|d |
| 022 | |y0828-3087 |
| 040 | |aCaOODSP|beng |
| 041 | |aeng|afre |
| 043 | |an-cn--- |
| 086 | 1 |aCS41-017-PDF |
| 245 | 00|aShipments of domestic mobile homes |h[electronic resource] = |bLivraisons de maisons mobiles à usage domestique. |
| 246 | 11|aLivraisons de maisons mobiles à usage domestique |
| 260 | |a[Ottawa] : |bStatistics Canada, Manufacturing and Primary Industries Division = Statistique Canada, Division des industries manufacturières et primaires, |c1978-1979. |
| 310 | |aQuarterly |
| 362 | 0 |aVol. 6, no. 1 (Mar. 1978)-v. 6, no. 4 (Dec. 1978). |
| 500 | |aDigitized edition from print [produced by Statistics Canada]. |
| 546 | |aText in English and French. |
| 692 | 07|2gccst|aHousing |
| 692 | 07|2gccst|aStatistics |
| 710 | 1 |aCanada. |bStatistics Canada. |bManufacturing and Primary Industries Division. |
| 780 | 00|tFabricated metal products |w(CaOODSP)9.834517 |
| 792 | |tShipments of domestic mobile homes |efre|w(CaOODSP)9.826224 |